000 00349nab a22001097u 4500
008 130520b1982 xxu||||| |||| 00| 0 spa d
041 _aspa
100 1 _aRahner, Karl,
_c(S.I.)
_d(1904-1984)
_92966
245 0 0 _aEn torno a la cristología de nuestro tiempo
_cKarl Rahner
773 0 _tConcilium
_gV.1,1982,págs.400-407
_x0210-1041
_wRev134
942 _cAR
999 _c354829
_d354829